| 000 | 00453nam a2200145Ia 4500 | ||
|---|---|---|---|
| 008 | 231129s2007||||xx |||||||||||||| ||spa|| | ||
| 020 | _a958-98167-1-4 | ||
| 040 | _bspa | ||
| 082 | _a001.42 L649c | ||
| 100 | _aLétourneau Jocelyn | ||
| 245 | 0 | _aLa caja de herramientas del joven investigador: Guía de iniciación al trabajo intelectual | |
| 260 | _c2007 | ||
| 264 | _aLa Carreta Editores | ||
| 942 |
_2ddc _cBKS |
||
| 999 |
_c16525 _d16525 |
||